000
00279nam a2200109Ia 4500
008
190906s9999||||xx |||||||||||||| ||und||
100
_a
Tariq Javed
245
0
_a
Hand Book Of Mercantile Law Bare Acts
260
_a
Karachi
_b
Babar Publications
_c
2000
300
_a
291
942
_c
BK
999
_c
5918
_d
5918